00613nam a2200205 i 4500001000400000100002800004245005300032260005600085300002600141650002100167650001500188650001400203650001300217650001000230655001200240040000800252041000800260008004100268856009800309bgj1 aIrving, Johnc(1942- ).10aThe Cider House Rules :ba novel /cJohn Irving. aFranklin Center, Pa :bThe Franklin Library,c1985. a[3], 548 pp ;c24 cm. 9aYoung menxMaine 9aPhysicians 9aOrphanage 9aAbortion 9aMaine aFiction cBPK0 aeng s uk f |000 0 eng  uhttp://koha.tu.koszalin.pl/cgi-bin/koha/opac-detail.pl?biblionumber=47586yKatalog online BPK